000 00507nam a2200193 a 4500
001 1770460530177
003 YourLibrary
005 20260207160834.0
008 260207s2008##################000#0#eng##
020 _a9780230222731
082 0 4 _a306.4
_bGIB
100 1 _aGiblett, Rod,
_eauthor.
245 1 0 _aThe Body of Nature and Culture :
260 _bPalgrave MacMillan,
_c2008.
300 _a232 pages
650 0 _aHealth & Fitness.
942 _cENGLISH
040 _aYourLibrary
_beng
_cYourLibrary
999 _c611216
_d611216